000 00514cam a22002171 4500
001 sa 68015212
003 DLC
005 20260227112641.0
008 890724s1968 ii 000 0 tamo
010 _asa 68015212
035 _a(OCoLC)20062925
040 _aDLC
_cWaU
_dDLC
042 _apremarc
050 0 0 _aPK2098.N26
_bZ8
100 1 _aShanmugam, R.,
_d1926-
245 1 0 _aKavikkuyil.
260 _c[1968]
300 _a95 p.
_c19 cm.
500 _aIn Tamil.
600 1 0 _aNaidu, Sarojini,
_d1879-1949.
999 _c86311
_d86311